<?xml version="1.0" encoding="UTF-8"?>
<record
    xmlns:xsi="http://www.w3.org/2001/XMLSchema-instance"
    xsi:schemaLocation="http://www.loc.gov/MARC21/slim http://www.loc.gov/standards/marcxml/schema/MARC21slim.xsd"
    xmlns="http://www.loc.gov/MARC21/slim">

  <leader>01591nam a2200241 a 4500</leader>
  <controlfield tag="001">BRCA_9016</controlfield>
  <controlfield tag="005">20190320210508.0</controlfield>
  <controlfield tag="008">200717s1776----sp-#######---#000-0#lat-#</controlfield>
  <datafield tag="041" ind1=" " ind2=" ">
    <subfield code="a">lat</subfield>
  </datafield>
  <datafield tag="044" ind1=" " ind2=" ">
    <subfield code="a">sp</subfield>
  </datafield>
  <datafield tag="084" ind1=" " ind2=" ">
    <subfield code="a">LM39</subfield>
    <subfield code="b">.M38 1776</subfield>
  </datafield>
  <datafield tag="100" ind1="1" ind2=" ">
    <subfield code="a">Mateu y Sanz, Lorenzo</subfield>
    <subfield code="9">22362</subfield>
  </datafield>
  <datafield tag="245" ind1="1" ind2="0">
    <subfield code="a">D. D. Laurenthii Matthaeu et Sanz, jurisconsulti valentini, de consilio regiae  atque Catholicae Majestatis...</subfield>
  </datafield>
  <datafield tag="260" ind1=" " ind2=" ">
    <subfield code="a">Matriti</subfield>
    <subfield code="b">Apud D. Antonium de Sancha, Typ&#xF3;graphum, &amp; Bibliop&#xF3;lam</subfield>
    <subfield code="c">1776</subfield>
  </datafield>
  <datafield tag="300" ind1=" " ind2=" ">
    <subfield code="a">[47], 400 p.</subfield>
    <subfield code="c">34 x 23.5 cm</subfield>
  </datafield>
  <datafield tag="500" ind1=" " ind2=" ">
    <subfield code="a">Superiorum permissu</subfield>
  </datafield>
  <datafield tag="500" ind1=" " ind2=" ">
    <subfield code="a">Titulo completo: D. D. Laurenthii Matthaeu et Sanz, jurisconsulti valentini, de consilio regiae  atque Catholicae Majestatis; olim in Valentina Regia Audientia Fiscalis, Praefecti &amp; Senatoris, deinde in Aula Suprema Criminum Regiae Domus &amp; Curiae, Praefecti ac Praesidis, &amp; in Senatu Novi Orbis, Consiliarii Togati; demum in Sacro Supremo ac Regio Aragonum Consilio, Regentis Cancellariam; inclytae Militiae B. Mariae de Montesa, &amp; S. Georgii de Alfama, purpurea tessera insigniti, Tractatus de re criminali, sive controversiarum usufrequentium in Causis Criminalibus, cum earum decisionibus, tam in Aula Suprema Hispana Criminum, qu&#xE1;m in summo sematu Novi Orbis.</subfield>
  </datafield>
  <datafield tag="500" ind1=" " ind2=" ">
    <subfield code="a">En portada: Editio novissima, prioribus emendatior, cum triplici indice controversiarum, jurium , ac recrum locupletissimo</subfield>
  </datafield>
  <datafield tag="500" ind1=" " ind2=" ">
    <subfield code="a">Estado f&#xED;sico: presenta encuadernaci&#xF3;n en piel con cantos de color rojo</subfield>
  </datafield>
  <datafield tag="650" ind1="1" ind2="4">
    <subfield code="a">Derecho penal</subfield>
    <subfield code="y">Obras anteriores a 1800</subfield>
    <subfield code="z">Espa&#xF1;a</subfield>
    <subfield code="9">22363</subfield>
  </datafield>
  <datafield tag="902" ind1=" " ind2=" ">
    <subfield code="a">CFM</subfield>
  </datafield>
  <datafield tag="942" ind1=" " ind2=" ">
    <subfield code="2">lcc</subfield>
    <subfield code="c">B</subfield>
  </datafield>
  <datafield tag="999" ind1=" " ind2=" ">
    <subfield code="c">8667</subfield>
    <subfield code="d">8667</subfield>
  </datafield>
  <datafield tag="952" ind1=" " ind2=" ">
    <subfield code="0">0</subfield>
    <subfield code="1">0</subfield>
    <subfield code="4">0</subfield>
    <subfield code="7">0</subfield>
    <subfield code="a">BRCA</subfield>
    <subfield code="b">BRCA</subfield>
    <subfield code="d">2017-07-20</subfield>
    <subfield code="l">0</subfield>
    <subfield code="o">LM39 .M38 1776</subfield>
    <subfield code="p">CFM00288</subfield>
    <subfield code="r">2019-03-22 00:00:00</subfield>
    <subfield code="w">2019-03-22</subfield>
    <subfield code="y">B</subfield>
  </datafield>
</record>
